countries with the most volcanoes - Statistics

General Stats
  • This quiz has been taken 52 times
  • The average score is 13 of 20
Answer Stats
Hint Answer % Correct
122 japan
95%
162 united states
95%
24 canada
93%
37 mexico
93%
120 indonesia
91%
117 russia
91%
35 argentina
81%
91 chile
81%
38 philippines
79%
24 new zealand
74%
35 ecuador
72%
18 france
67%
53 ethiopia
63%
35 iceland
63%
21 kenya
63%
23 guatemala
56%
20 el salvador
37%
21 tonga
23%
19 antarctica
12%
46 papuae new guinea
9%
No matching quizzes found
Score Distribution
Percent of People with Each Score
Percentile by Number Answered
Your Score History
You have not taken this quiz